Kuhn y el cambio científico

Uloženo v:
Podrobná bibliografie
Hlavní autor: Pérez Ransanz, Ana Rosa (Autor)
Médium: Kniha
Jazyk:španělština
Vydáno: Ciudad de México Fondo de Cultura Económica 1999
Edice:Sección de Obras de Filosofía
Témata:
Tagy: Přidat tag
Žádné tagy, Buďte první, kdo vytvoří štítek k tomuto záznamu!

MARC

LEADER 00000nam a2200000 a 4500
001 UCN5906
003 CL-VaPUC
005 20211218074431.0
008 010913e19990000MX |||||||||||||||||spa|d
999 |c 297009  |d 297007 
040 |c Pontificia Universidad Católica de Valparaíso 
082 0 4 |a 501  |b PER  |2 21 
100 0 |a Pérez Ransanz, Ana Rosa  |e author  |9 461598 
245 1 0 |a Kuhn y el cambio científico 
260 |a Ciudad de México  |b Fondo de Cultura Económica  |c 1999 
300 |a 274 p 
490 0 |a Sección de Obras de Filosofía 
583 |a last modification  |c 20160914 11:58:21  |k Rodrigo Vera 
600 |a Kuhn, Thomas Samuel  |d 1922-1996  |9 859723 
650 0 |a Filosofía de las ciencias  |9 256466 
650 0 |a Desarrollo científico  |9 259799 
650 0 |a Crítica e interpretación   |9 255042 
852 |a BIBCUR 
942 |c BK  |2 ddc 
945 |d 20010913 00:00:00  |a rbrito 
952 |0 0  |1 0  |4 0  |6 501_000000000000000_PER_1999  |7 0  |8 A  |9 351388  |a FDOPOS  |b FDOPOS  |d 2019-11-21  |i 3706060  |o 501 PER 1999  |p 3706060  |r 2025-01-22  |w 2019-11-21  |y BK  |k MLA 
952 |0 0  |1 0  |4 0  |6 501_000000000000000_PER_1999  |7 0  |8 A  |9 351389  |a BIBEDU  |b BIBEDU  |d 2019-11-21  |i 3919765  |o 501 PER 1999  |p 3919765  |r 2019-11-21  |w 2019-11-21  |y BK  |k FIL